| 000 | 00373nam a2200145Ia 4500 | ||
|---|---|---|---|
| 008 | 231129s1997||||xx |||||||||||||| ||spa|| | ||
| 020 | _a958-600-711-1 (Obra | ||
| 040 | _bspa | ||
| 082 | _aR 610.7361 M857m | ||
| 100 | _aMorillo Rodriguez F. Javier | ||
| 245 | 0 | _aUrgencias | |
| 260 | _c1997 | ||
| 264 | _aMcGraw-Hill | ||
| 942 |
_2ddc _cBKS |
||
| 999 |
_c26076 _d26076 |
||